Politické systémy v zemích Evropy : Francouzská republika, Spojené království Velké Británie a Severního Irska /

Hlavní autor: Lupták, Milan, 1955-
Korporativní autor: Vysoká škola evropských a regionálních studií. Katedra společenských věd
Další autoři: Pána, Lubomír, 1951-
Jazyk: Čeština
Vydáno: České Budějovice : Vysoká škola evropských a regionálních studií, 2007
Vydání: 1. vyd.
Edice: Vysokoškolská učebnice
Témata:
Fyzický popis: 108 s. ; 24 cm
Knihy
Uloženo v:
LEADER 02185nam a2200517 a 4500
001 nkc20081789188
003 CZ PrNK
005 20080417145637.0
007 ta
008 080213s2007 xr e p 000 0 cze
015 |a cnb001789188 
020 |a 978-80-86708-50-8  |q (brož.) 
035 |a (OCoLC)228670104 
040 |a ABA001  |b cze  |d BOA001 
043 |a e-fr---  |a e-uk--- 
072 7 |a 342  |x Ústavní právo. Správní právo  |2 Konspekt  |9 16 
072 7 |a 37.016  |x Učební osnovy. Vyučovací předměty. Učebnice  |2 Konspekt  |9 22 
080 |a 342.5  |2 MRF 
080 |a (44)  |2 MRF 
080 |a (410)  |2 MRF 
080 |a (075.8)  |2 MRF 
100 1 |a Lupták, Milan,  |d 1955-  |7 mzk2008424184  |4 aut 
245 1 0 |a Politické systémy v zemích Evropy :  |b Francouzská republika, Spojené království Velké Británie a Severního Irska /  |c Milan Lupták, Lubomír Pána 
246 3 0 |a Francouzská republika 
246 3 0 |a Spojené království Velké Británie a Severního Irska 
250 |a 1. vyd. 
260 |a České Budějovice :  |b Vysoká škola evropských a regionálních studií,  |c 2007 
300 |a 108 s. ;  |c 24 cm 
490 1 |a Vysokoškolská učebnice 
500 |a Nad názvem: Vysoká škola evropských a regionálních studií, katedra společenských věd 
500 |a 150 výt. 
504 |a Obsahuje bibliografie a bibliografické odkazy 
650 0 7 |a politický systém  |7 ph124258  |z Francie  |2 czenas 
650 0 7 |a politický systém  |7 ph124258  |z Velká Británie  |2 czenas 
650 0 9 |a political system  |z France  |2 eczenas 
650 0 9 |a political system  |z Great Britain  |2 eczenas 
655 7 |a učebnice vysokých škol  |7 fd133772  |2 czenas 
655 9 |a textbooks (higher)  |2 eczenas 
700 1 |a Pána, Lubomír,  |d 1951-  |7 mzk2006353816  |4 aut 
710 2 |a Vysoká škola evropských a regionálních studií.  |b Katedra společenských věd  |7 kn20071017009 
810 2 |a Vysoká škola evropských a regionálních studií.  |t Vysokoškolská učebnice  |0 s 
910 2 |a BOA001  |b 2-1198.228 
990 |a BK 
995 |a 01 
991 |b 200802  |c NOV 
996 6 |b 2610332490  |c 2-1198.228  |l MZK  |r Sklad / do 1 hodiny  |n 19  |p p.v.  |w 000884083  |u 000010  |a 1  |e BOA001  |j MZK50  |s P